000 00588nam a2200217Ii 4500
003 JO-AjNU
008 230606s9999||||xx |||||||||||||| ||und||
020 _a81-89757-59-8
040 _aJO-AjNU
_beng
_erda
_cJO-AjNU
041 _aeng
050 1 4 _aQA76.76.O63.S58.2008
100 3 _aShukla,vijay,
_eauthor
_9303
245 0 0 _aOperating Systems
250 _a1 ed
264 3 1 _aNewDelhi:S.K KATARIA SONS,2008
300 _a278p
336 _atext
_btxt
_2rdacontent
337 _aunmediated
_bn
_2rdamedia
338 _avolume
_bnc
_2rdacarrier
650 4 _aSoftware Engineering
_9304
999 _aE160
_c160
_d160